堂上公家クイズ - Statistics

General Stats
  • This quiz has been taken 7 times
  • The average score is 30 of 133
Answer Stats
家格 家系 Answer % Correct
摂家 藤氏北家摂関流 近衛
100%
摂家 藤氏北家摂関流 九条
100%
摂家 藤氏北家摂関流 鷹司
100%
摂家 藤氏北家摂関流 二条
100%
摂家 藤氏北家摂関流 一条
100%
清華 藤氏北家公季流 三条
100%
清華 藤氏北家公季流 西園寺
100%
羽林 藤氏魚名流 四条
100%
羽林 村上源氏 岩倉
100%
清華 藤氏北家公季流 徳大寺
83%
羽林 藤氏北家公季流 正親町
83%
清華 藤氏北家師実流 花山院
67%
大臣 藤氏北家公季流 嵯峨
67%
羽林 藤氏北家公季流 姉小路
67%
羽林 藤氏魚名流 山科
67%
羽林 藤氏魚名流 八条
67%
名家 藤氏北家真夏流 日野
67%
名家 藤氏北家真夏流 烏丸
67%
名家 藤氏北家真夏流 勘解由小路
67%
清華 村上源氏 久我
50%
清華 藤氏北家摂関流 醍醐
50%
大臣 藤氏北家公季流 三条西
50%
羽林 藤氏北家道隆流 七条
50%
羽林 宇多源氏 綾小路
50%
名家 藤氏北家高藤流 万里小路
50%
半家 藤氏北家長良流 高倉
50%
清華 藤氏北家公季流 菊亭
33%
清華 正親町源氏 広幡
33%
羽林 藤氏北家公季流 四辻
33%
羽林 藤氏北家公季流 花園
33%
羽林 藤氏北家公季流 大宮
33%
羽林 藤氏北家公季流 武者小路
33%
羽林 藤氏北家師実流 中山
33%
羽林 藤氏北家師実流 飛鳥井
33%
羽林 藤氏北家師実流 難波
33%
羽林 藤氏北家頼宗流
33%
羽林 藤氏北家頼宗流 六角
33%
羽林 藤氏魚名流 西大路
33%
羽林 藤氏北家長良流 堀河
33%
名家 藤氏北家高藤流 甘露寺
33%
名家 藤氏北家高藤流 梅小路
33%
半家 王氏花山源氏 白河
33%
半家 桓武平氏 西洞院
33%
半家 阿倍氏 土御門
33%
半家 卜部氏 吉田
33%
清華 藤氏北家師実流 大炊御
17%
大臣 村上源氏 中院
17%
羽林 藤氏北家公季流 押小路
17%
羽林 藤氏北家頼宗流 中御門
17%
羽林 藤氏北家頼宗流 壬生
17%
羽林 藤氏魚名流 油小路
17%
羽林 藤氏北家長家流 上冷泉
17%
羽林 藤氏北家長家流 下冷泉
17%
羽林 藤氏北家道隆流 水無瀬
17%
羽林 藤氏北家道隆流 桜井
17%
羽林 宇多源氏 大原
17%
名家 藤氏北家真夏流 柳原
17%
名家 藤氏北家真夏流 裏松
17%
名家 藤氏北家高藤流 葉室
17%
名家 藤氏北家高藤流 清閑寺
17%
名家 藤氏北家高藤流 中御門
17%
名家 藤氏北家高藤流 坊城
17%
名家 桓武平氏 長谷
17%
半家 藤氏北家摂関流 富小路
17%
半家 菅原氏 高辻
17%
半家 菅原氏 唐橋
17%
半家 菅原氏 東坊城
17%
半家 清原氏 舟橋
17%
半家 清原氏
17%
半家 阿倍氏 倉橋
17%
半家 卜部氏 藤井
17%
半家 丹波氏 錦小路
17%
羽林 藤氏北家公季流 滋野井
0%
羽林 藤氏北家公季流 清水谷
0%
羽林 藤氏北家公季流 橋本
0%
羽林 藤氏北家公季流 河鰭
0%
羽林 藤氏北家公季流 阿野
0%
羽林 藤氏北家公季流 裏辻
0%
羽林 藤氏北家公季流 梅園
0%
羽林 藤氏北家公季流 山本
0%
羽林 藤氏北家公季流 小倉
0%
羽林 藤氏北家公季流 風早
0%
羽林 藤氏北家公季流 高松
0%
羽林 藤氏北家公季流 西四辻
0%
羽林 藤氏北家魚名流閑院流正親町三条 園池
0%
羽林 藤氏南家貞嗣流閑院流室町
0%
羽林 藤氏南家貞嗣流 閑院流室町 中園
0%
羽林 藤氏南家貞嗣流 閑院流室町 高丘
0%
羽林 藤氏北家師実流 野宮
0%
羽林 藤氏北家師実流 今城
0%
羽林 藤氏北家頼宗流 東園
0%
羽林 藤氏北家頼宗流 持明院
0%
羽林 藤氏北家頼宗流 高野
0%
羽林 藤氏北家頼宗流 石山
0%
羽林 藤氏北家頼宗流 石野
0%
羽林 藤氏魚名流 鷲尾
0%
羽林 藤氏魚名流 櫛笥
0%
羽林 藤氏北家長家流 藤谷
0%
羽林 藤氏北家長家流 入江
0%
羽林 藤氏北家道隆流 町尻
0%
羽林 藤氏北家道隆流 山井
0%
羽林 藤氏北家長良流 樋口
0%
羽林 村上源氏 久世
0%
羽林 村上源氏 千種
0%
羽林 村上源氏 梅渓
0%
羽林 村上源氏 愛宕
0%
羽林 村上源氏 東久世
0%
羽林 村上源氏 植松
0%
羽林 宇多源氏 庭田
0%
名家 藤氏北家真夏流 広橋
0%
名家 藤氏北家真夏流 竹屋
0%
名家 藤氏北家真夏流 日野西
0%
名家 藤氏北家真夏流 外山
0%
名家 藤氏北家真夏流 豊岡
0%
名家 藤氏北家真夏流 三室戸
0%
名家 藤氏北家真夏流 北小路
0%
名家 藤氏北家高藤流 勸修寺
0%
名家 藤氏北家高藤流 芝山
0%
名家 藤氏北家高藤流 池尻
0%
名家 藤氏北家高藤流 岡崎
0%
名家 藤氏北家高藤流 穂波
0%
名家 藤氏北家高藤流
0%
名家 桓武平氏 交野
0%
半家 清和源氏 竹内
0%
半家 宇多源氏 慈光寺
0%
半家 桓武平氏 石井
0%
半家 菅原氏 清岡
0%
半家 菅原氏 桑原
0%
半家 清原氏 伏原
0%
半家 大中臣氏 藤波
0%
半家 卜部氏 荻原
0%
半家 卜部氏 錦織
0%
半家 大江氏 北小路
0%
No matching quizzes found
Score Distribution
Percent of People with Each Score
Percentile by Number Answered
Your Score History
You have not taken this quiz